[Event "Deizisau 2012"]
[Date "2012.04.05"]
[Round "1.3"]
[Board "3"]
[White "Istratescu, Andrei"]
[Black "Sajka, Mariusz"]
[Result "1-0"]
[WhiteClock "00:24:00"]
[BlackClock "00:44:00"]
[WhiteElo "2633"]
[BlackElo "2126"]
[PlyCount "49"]

1. e4 c5 2. Nf3 d6 3. d4 cxd4 4. Nxd4 Nf6 5. Nc3 a6 6. h3 e6 
7. g4 h6 8. Bg2 Bd7 9. f4 Nc6 10. Be3 Be7 11. Qe2 Qc7 12. O-O-O Na5 
13. Kb1 Nc4 14. Bc1 Nh7 15. b3 Na5 16. Bb2 b5 17. e5 d5 18. f5 O-O 
19. f6 Bd8 20. fxg7 Kxg7 21. Nf5+ exf5 22. Nxd5 Qb8 23. e6+ f6 24. exd7 Ra7 
25. Ne7 1-0

[Event "Deizisau 2012"]
[Date "2012.04.05"]
[Round "1.4"]
[Board "4"]
[White "Minko, Vladimir"]
[Black "Erdos, Viktor"]
[Result "0-1"]
[WhiteClock "00:22:00"]
[BlackClock "00:14:48"]
[WhiteElo "2125"]
[BlackElo "2631"]
[PlyCount "64"]

1. d4 Nf6 2. c4 e6 3. Nf3 d5 4. Nc3 dxc4 5. g3 Nc6 6. Bg2 Rb8 
7. O-O b5 8. e4 Be7 9. d5 exd5 10. e5 Nd7 11. Nxd5 O-O 12. Be3 Ndxe5 
13. Nxe5 Nxe5 14. Bxa7 Rb7 15. Nxe7+ Qxe7 16. Qd4 Nd3 17. Qe3 Qd6 18. Rfd1 c6 
19. Bc5 Qxc5 20. Rxd3 Qxe3 21. Rxe3 Rc7 22. Re5 Be6 23. Rc5 Rd8 24. Rxc6 Rcd7 
25. h4 g6 26. Rb6 Rd1+ 27. Rxd1 Rxd1+ 28. Kh2 Rb1 29. a4 bxa4 30. Be4 Ra1 
31. Kg2 c3 32. b4 axb3 0-1

[Event "Deizisau 2012"]
[Date "2012.04.05"]
[Round "1.5"]
[Board "5"]
[White "Solodovnichenko, Yuri"]
[Black "Seidl, Stepan"]
[Result "1-0"]
[WhiteClock "00:06:13"]
[BlackClock "01:25:00"]
[WhiteElo "2615"]
[BlackElo "2123"]
[PlyCount "61"]

1. e4 c5 2. Nf3 Nc6 3. d4 cxd4 4. Nxd4 g6 5. Nc3 Bg7 6. Be3 Nf6 
7. Bc4 O-O 8. Bb3 d6 9. f3 Bd7 10. h4 Nxd4 11. Bxd4 b5 12. h5 b4 
13. Nd5 e5 14. Be3 Nxd5 15. Bxd5 Rc8 16. hxg6 hxg6 17. Qd2 Qc7 18. O-O-O Be6 
19. Bxe6 fxe6 20. Kb1 d5 21. exd5 exd5 22. Qxd5+ Rf7 23. Qe4 Rf6 24. Rd2 Qc6 
25. Qxb4 e4 26. Qxe4 Qxe4 27. fxe4 Re6 28. Bxa7 Rxe4 29. Rhd1 Rb4 30. Bd4 Bh6 
31. Rd3 1-0

[Event "Deizisau 2012"]
[Date "2012.04.05"]
[Round "1.6"]
[Board "6"]
[White "De Seroux, Camille"]
[Black "Baramidze, David"]
[Result "0-1"]
[WhiteClock "00:37:00"]
[BlackClock "00:00:07"]
[WhiteElo "2122"]
[BlackElo "2612"]
[PlyCount "68"]

1. e4 e5 2. Nf3 Nc6 3. d4 exd4 4. Nxd4 Bb4+ 5. c3 Bc5 6. Be3 Bb6 
7. Bc4 Nf6 8. Nd2 O-O 9. O-O Ne5 10. Bb3 Re8 11. Nc2 Ng6 12. Re1 d6 
13. f3 h5 14. Nc4 Bxe3+ 15. N4xe3 h4 16. Nd4 Nh5 17. Ndf5 Qg5 18. Qd2 Bxf5 
19. exf5 Ne5 20. Kh1 h3 21. Rg1 Nxf3 22. gxf3 Qxe3 23. Qd5 Re7 24. f6 Nxf6 
25. Qf5 Nh7 26. Rg3 Qe5 27. Qxh3 Kh8 28. Rag1 g6 29. Qh4 Qf6 30. Qh6 Rae8 
31. Rh3 Qg7 32. Qf4 Kg8 33. Rxg6 Re1+ 34. Kg2 R8e2+ 0-1

[Event "Deizisau 2012"]
[Date "2012.04.05"]
[Round "1.7"]
[Board "7"]
[White "Baklan, Vladimir"]
[Black "Skouvaklis, Alexis"]
[Result "1-0"]
[WhiteClock "00:00:19"]
[BlackClock "00:39:00"]
[WhiteElo "2612"]
[BlackElo "2122"]
[PlyCount "81"]

1. e4 e5 2. Nf3 Nc6 3. Bb5 Nf6 4. d3 d6 5. c3 a6 6. Ba4 g6 
7. Nbd2 Bg7 8. Nf1 b5 9. Bb3 Be6 10. Bxe6 fxe6 11. Ng3 Nd7 12. Bg5 Bf6 
13. Bh6 Qe7 14. a4 b4 15. a5 Rb8 16. O-O Bg7 17. Bxg7 Qxg7 18. d4 exd4 
19. cxd4 O-O 20. Rc1 Nxa5 21. Rxc7 Rfc8 22. Rxc8+ Rxc8 23. Qa4 Nc4 24. Qxa6 Rc7 
25. b3 Ncb6 26. Qb5 Qh6 27. Qxb4 Qf4 28. h3 Rc2 29. Qb5 h6 30. Qd3 Ra2 
31. Ne2 Qf8 32. Nc3 Rb2 33. Na4 Nxa4 34. bxa4 Kg7 35. Qc4 Kf7 36. a5 Qa8 
37. Qc1 Rb7 38. Qxh6 Nf8 39. Qf4+ Ke8 40. Qxd6 Ra7 41. Rb1 1-0

[Event "Deizisau 2012"]
[Date "2012.04.05"]
[Round "1.8"]
[Board "8"]
[White "Gustain, Marc"]
[Black "Edouard, Romain"]
[Result "0-1"]
[WhiteClock "00:52:00"]
[BlackClock "00:05:24"]
[WhiteElo "2121"]
[BlackElo "2607"]
[PlyCount "72"]

1. e4 c5 2. Nf3 d6 3. d4 cxd4 4. Nxd4 Nf6 5. Nc3 a6 6. Bg5 Nbd7 
7. f4 Qc7 8. Qf3 h6 9. Bh4 g5 10. fxg5 hxg5 11. Bxg5 Qc5 12. Bxf6 Nxf6 
13. Qd3 Bh6 14. Be2 Bf4 15. Rf1 Be5 16. Nf3 Bxc3+ 17. bxc3 Be6 18. Qd4 Rc8 
19. Qxc5 Rxc5 20. Bd3 Rxc3 21. Rb1 Rc7 22. a3 Rh5 23. Kd2 d5 24. exd5 Bxd5 
25. Rbe1 Rc5 26. h3 Ra5 27. c4 Bxf3 28. Rxf3 Nd7 29. g4 Rhc5 30. Rfe3 e6 
31. h4 Ne5 32. g5 Nxc4+ 33. Bxc4 Rxc4 34. g6 Rd5+ 35. Rd3 Rxd3+ 36. Kxd3 Rxh4 
0-1

[Event "Deizisau 2012"]
[Date "2012.04.05"]
[Round "1.9"]
[Board "9"]
[White "Sanikidze, Tornike"]
[Black "Turner, Radek"]
[Result "1-0"]
[WhiteClock "00:05:40"]
[BlackClock "00:56:00"]
[WhiteElo "2549"]
[BlackElo "2121"]
[PlyCount "55"]

1. e4 c5 2. Nf3 d6 3. d4 cxd4 4. Nxd4 Nf6 5. Nc3 a6 6. a4 Nc6 
7. Be2 e5 8. Nxc6 bxc6 9. O-O Be7 10. f4 a5 11. Qe1 O-O 12. Qg3 Re8 
13. fxe5 dxe5 14. Bh6 Qd4+ 15. Kh1 g6 16. Rad1 Qc5 17. Be3 Qb4 18. Qxe5 Bg4 
19. Rxf6 Bxe2 20. Bd4 Bf8 21. Rxg6+ fxg6 22. Qh8+ Kf7 23. Qxh7+ Ke6 24. Nxe2 Bd6 
25. Nf4+ Bxf4 26. Qxg6+ Kd7 27. Bc5+ Kc7 28. Qf7+ 1-0

[Event "Deizisau 2012"]
[Date "2012.04.05"]
[Round "1.11"]
[Board "11"]
[White "Perunovic, Milos"]
[Black "Juergens, Karlheinz, Dr."]
[Result "1-0"]
[WhiteClock "00:07:19"]
[BlackClock "00:22:00"]
[WhiteElo "2582"]
[BlackElo "2120"]
[PlyCount "56"]

1. d4 Nf6 2. c4 g6 3. Nc3 Bg7 4. e4 d6 5. Nf3 O-O 6. Be2 e5 
7. O-O Nh5 8. Bg5 f6 9. Be3 Nf4 10. Re1 Nxe2+ 11. Qxe2 Bg4 12. h3 Bxf3 
13. Qxf3 exd4 14. Bxd4 Nc6 15. Be3 f5 16. exf5 Rxf5 17. Qd1 Bxc3 18. bxc3 Qf8 
19. c5 Qf7 20. cxd6 Rd5 21. Qb3 cxd6 22. Rab1 b6 23. Qa4 Rc8 24. Rbd1 Ra5 
25. Qg4 Re8 26. Rxd6 Ne5 27. Qh4 Nc4 28. Rd8 Rae5 1-0

[Event "Deizisau 2012"]
[Date "2012.04.05"]
[Round "1.13"]
[Board "13"]
[White "Petr, Martin"]
[Black "Brem, Stephan"]
[Result "1-0"]
[WhiteClock "00:24:00"]
[BlackClock "01:22:00"]
[WhiteElo "2522"]
[BlackElo "2118"]
[PlyCount "59"]

1. e4 d6 2. d4 Nf6 3. Nc3 g6 4. Be3 c6 5. h3 b5 6. e5 b4 
7. exf6 bxc3 8. fxe7 Qxe7 9. bxc3 Bg7 10. Nf3 O-O 11. Bd3 f5 12. O-O f4 
13. Bd2 g5 14. Re1 Qf6 15. Qe2 h5 16. Qe4 Qh6 17. h4 gxh4 18. Nxh4 d5 
19. Qg6 Nd7 20. Re7 Rf6 21. Qxh6 Bxh6 22. Bh7+ Kf8 23. Rae1 Rf7 24. Re8+ Kg7 
25. Bg6 Rf8 26. R8e7+ Kf6 27. R1e6+ Kg5 28. Nf3+ Kg4 29. Bf7 Rh8 30. Rg6+ 1-0

[Event "Deizisau 2012"]
[Date "2012.04.05"]
[Round "1.14"]
[Board "14"]
[White "Marquardt, Alexander"]
[Black "Bischoff, Klaus"]
[Result "0-1"]
[WhiteClock "00:35:00"]
[BlackClock "00:00:41"]
[WhiteElo "2117"]
[BlackElo "2521"]
[PlyCount "72"]

1. c4 e6 2. Nf3 b6 3. g3 Bb7 4. Bg2 Nf6 5. b3 c5 6. O-O Be7 
7. Bb2 d6 8. Nc3 O-O 9. d4 cxd4 10. Nxd4 Bxg2 11. Kxg2 Qc7 12. e3 a6 
13. Rc1 Nbd7 14. f4 Nc5 15. Rc2 Rfc8 16. Qf3 Ra7 17. Rd1 Qb7 18. Qxb7 Rxb7 
19. Kf3 g6 20. Rcd2 e5 21. Nc2 e4+ 22. Ke2 Nd3 23. Ba1 b5 24. cxb5 axb5 
25. Ne1 b4 26. Nxe4 Nxe4 27. Rxd3 Ra8 28. a4 bxa3 29. Rd4 Nc5 30. b4 Nb3 
31. R4d3 Rxb4 32. Nc2 Rb6 33. Nd4 Nc5 34. R3d2 a2 35. Rc2 Rb1 36. Nc6 Bf8 
0-1

[Event "Deizisau 2012"]
[Date "2012.04.05"]
[Round "1.15"]
[Board "15"]
[White "Milanovic, Danilo"]
[Black "Kleibel, Uwe"]
[Result "1-0"]
[WhiteClock "00:05:29"]
[BlackClock "00:15:21"]
[WhiteElo "2520"]
[BlackElo "2116"]
[PlyCount "105"]

1. d4 d5 2. c4 e6 3. Nc3 Nf6 4. cxd5 exd5 5. Bg5 c6 6. e3 Bf5 
7. Qf3 Bg6 8. Bxf6 Qxf6 9. Qxf6 gxf6 10. Kd2 Nd7 11. Bd3 a5 12. Nge2 Nb6 
13. Kc2 Kd7 14. h4 Bxd3+ 15. Kxd3 Bd6 16. g4 Rhe8 17. Rh3 a4 18. Rf3 Re6 
19. Rg1 Nc4 20. b3 axb3 21. axb3 Nb6 22. Rf5 Rg8 23. Rh5 Rg7 24. f3 Ke7 
25. Ra1 Kd7 26. Rg1 Ke7 27. e4 dxe4+ 28. fxe4 Kd7 29. Nd1 Re8 30. Ne3 Reg8 
31. Rf1 Be7 32. Ng3 Rh8 33. Rhf5 Rg6 34. Nh5 Ke6 35. e5 Nd5 36. Nxd5 cxd5 
37. exf6 Bd6 38. g5 h6 39. Ng7+ Kd7 40. Rxd5 Kc6 41. Rff5 hxg5 42. hxg5 Rh3+ 
43. Kc4 Rh1 44. Ne8 Rc1+ 45. Kd3 Bb4 46. Rd8 Rc3+ 47. Ke4 Rxb3 48. Rc8+ Kb6 
49. Nc7 Bd2 50. Nd5+ Ka7 51. Rf2 Ba5 52. Rg2 Rb5 53. Rf8 1-0

[Event "Deizisau 2012"]
[Date "2012.04.05"]
[Round "1.17"]
[Board "17"]
[White "Bok, Benjamin"]
[Black "Aksenov, Pavel"]
[Result "1-0"]
[WhiteClock "00:00:00"]
[BlackClock "00:00:00"]
[WhiteElo "2502"]
[BlackElo "2112"]
[PlyCount "75"]

1. e4 e6 2. d4 d5 3. Nd2 Nf6 4. e5 Nfd7 5. f4 c5 6. c3 Nc6 
7. Ndf3 cxd4 8. cxd4 Qb6 9. g3 g6 10. Ne2 Bg7 11. Kf2 O-O 12. Bh3 Re8 
13. Kg2 Nf8 14. Nc3 Bd7 15. Rb1 Na5 16. b3 Rac8 17. Bd2 a6 18. Qe2 Qd8 
19. Rbc1 b5 20. Qe1 Nc6 21. Nd1 Qb6 22. Nf2 Rb8 23. Qe3 Rec8 24. Nd3 b4 
25. Nc5 Na7 26. g4 Be8 27. f5 exf5 28. gxf5 gxf5 29. Bxf5 Rc6 30. Rhg1 Kh8 
31. Kh1 Ng6 32. Ng5 h6 33. Nge6 Rxe6 34. Nxe6 fxe6 35. Bxg6 Qb7 36. Qh3 Bxg6 
37. Rxg6 Qe7 38. Rcg1 1-0

[Event "Deizisau 2012"]
[Date "2012.04.05"]
[Round "1.19"]
[Board "19"]
[White "Shishkin, Vadim"]
[Black "Fuss, Klaus"]
[Result "1-0"]
[WhiteClock "00:00:00"]
[BlackClock "00:00:00"]
[WhiteElo "2464"]
[BlackElo "2111"]
[PlyCount "55"]

1. d4 d5 2. c4 e6 3. Nc3 Nf6 4. cxd5 exd5 5. Bg5 Nbd7 6. e4 b6 
7. Bd3 Be7 8. Qc2 O-O 9. Nge2 h6 10. Bh4 Nh5 11. Bxe7 Qxe7 12. g4 Ndf6 
13. Rg1 Re8 14. h4 Nxe4 15. Bxe4 dxe4 16. g5 hxg5 17. Rxg5 Nf6 18. O-O-O g6 
19. Rdg1 Kf8 20. Ng3 Be6 21. h5 Nd5 22. Re5 Nb4 23. Qxe4 Qf6 24. hxg6 Bd5 
25. Nh5 Qxe5 26. Qxe5 Rxe5 27. g7+ Ke7 28. dxe5 1-0

[Event "Deizisau 2012"]
[Date "2012.04.06"]
[Round "2.4"]
[Board "4"]
[White "Erdos, Viktor"]
[Black "Seifert, Christopher"]
[Result "1-0"]
[WhiteClock "00:27:00"]
[BlackClock "00:13:41"]
[WhiteElo "2631"]
[BlackElo "2228"]
[PlyCount "105"]

1. d4 Nf6 2. c4 c5 3. d5 e6 4. Nc3 exd5 5. cxd5 d6 6. e4 g6 
7. Bd3 Bg7 8. h3 O-O 9. Nf3 Na6 10. O-O Nc7 11. Re1 Rb8 12. a4 a6 
13. a5 Nd7 14. Bg5 f6 15. Be3 Ne5 16. Nxe5 fxe5 17. b4 cxb4 18. Na4 Nb5 
19. Bxb5 axb5 20. Nb6 Qh4 21. Ra2 b3 22. Rb2 Qxe4 23. Bc5 Qxe1+ 24. Qxe1 dxc5 
25. Rxb3 e4 26. Rxb5 Bd4 27. Nc4 Bd7 28. Rb6 Rbd8 29. Rxb7 Bc8 30. Rb8 Bxf2+ 
31. Qxf2 Rxf2 32. Kxf2 Rf8+ 33. Ke3 Ba6 34. Rxf8+ Kxf8 35. Nd2 Ke7 36. Nxe4 Bf1 
37. h4 h6 38. g3 Bc4 39. d6+ Ke6 40. a6 Bb5 41. a7 Bc6 42. g4 Ba8 
43. g5 hxg5 44. hxg5 Bc6 45. Nxc5+ Kxd6 46. Nd3 Kc7 47. Ne5 Bg2 48. Nxg6 Kb7 
49. Ne7 Bh3 50. Kf4 Be6 51. g6 Kxa7 52. Ke5 Ba2 53. Nd5 1-0

[Event "Deizisau 2012"]
[Date "2012.04.06"]
[Round "2.6"]
[Board "6"]
[White "Baramidze, David"]
[Black "Hoeffer, David"]
[Result "1-0"]
[WhiteClock "01:21:00"]
[BlackClock "00:16:22"]
[WhiteElo "2612"]
[BlackElo "2221"]
[PlyCount "47"]

1. e4 Nc6 2. Nf3 f5 3. exf5 d5 4. Bb5 Bxf5 5. Ne5 a6 6. Bxc6+ bxc6 
7. d4 e6 8. Qh5+ g6 9. Qe2 Qh4 10. g4 Be4 11. O-O Bd6 12. f3 Bf5 
13. Nxc6 Ne7 14. Nxe7 Kxe7 15. gxf5 gxf5 16. f4 Rhg8+ 17. Kh1 Rg4 18. Nd2 Rag8 
19. Nf3 Qh5 20. Bd2 Bxf4 21. Rae1 R8g6 22. Bxf4 Rxf4 23. Qe3 Re4 24. Qa3+ 1-0

[Event "Deizisau 2012"]
[Date "2012.04.06"]
[Round "2.7"]
[Board "7"]
[White "Beyer, Christian"]
[Black "Baklan, Vladimir"]
[Result "0-1"]
[WhiteClock "00:39:00"]
[BlackClock "00:15:17"]
[WhiteElo "2217"]
[BlackElo "2612"]
[PlyCount "64"]

1. Nc3 c5 2. Nf3 Nc6 3. d4 cxd4 4. Nxd4 Nf6 5. Bg5 e6 6. Qd2 a6 
7. O-O-O Bb4 8. Kb1 Qb6 9. Bxf6 gxf6 10. e3 d5 11. g4 Bd7 12. h3 Rc8 
13. Ka1 Nxd4 14. Qxd4 Qxd4 15. Rxd4 Bxc3 16. bxc3 Rxc3 17. Bd3 Ke7 18. Rb1 b5 
19. Kb2 Rc7 20. Rb4 e5 21. c3 h5 22. Rc1 hxg4 23. hxg4 Rh4 24. Be2 Rh2 
25. Rf1 Kd6 26. e4 a5 27. Rb3 dxe4 28. c4 bxc4 29. Re3 c3+ 30. Kc1 f5 
31. Rd1+ Ke7 32. gxf5 Bxf5 0-1

[Event "Deizisau 2012"]
[Date "2012.04.06"]
[Round "2.8"]
[Board "8"]
[White "Edouard, Romain"]
[Black "Lampert, Jonas"]
[Result "1-0"]
[WhiteClock "00:00:37"]
[BlackClock "00:25:00"]
[WhiteElo "2607"]
[BlackElo "2205"]
[PlyCount "71"]

1. c4 e5 2. Nc3 Nf6 3. g3 Nc6 4. Bg2 Bc5 5. e3 O-O 6. Nge2 d6 
7. O-O a6 8. a3 Bf5 9. d4 Ba7 10. h3 Re8 11. d5 Ne7 12. e4 Bd7 
13. Qd3 Qc8 14. Kh2 b5 15. cxb5 axb5 16. Bg5 h6 17. Bxf6 gxf6 18. Nxb5 Qa6 
19. a4 Reb8 20. Nec3 Bd4 21. Ra3 Bxc3 22. Qxc3 Bxb5 23. axb5 Qb6 24. f4 Ng6 
25. h4 Qxb5 26. Rxa8 Rxa8 27. h5 Nf8 28. fxe5 fxe5 29. Qxc7 Qd7 30. Qc1 Kg7 
31. Bh3 Qe7 32. Bf5 Ra2 33. Rf2 Nd7 34. Qc7 Qg5 35. Qxd7 Ra1 36. Bg4 1-0

[Event "Deizisau 2012"]
[Date "2012.04.06"]
[Round "2.9"]
[Board "9"]
[White "Hilverda, Alexander"]
[Black "Sanikidze, Tornike"]
[Result "0-1"]
[WhiteClock "00:00:25"]
[BlackClock "00:00:06"]
[WhiteElo "2215"]
[BlackElo "2549"]
[PlyCount "77"]

1. d4 d5 2. c4 e6 3. Nc3 Bb4 4. Nf3 Nf6 5. Bg5 h6 6. Bxf6 Qxf6 
7. g3 O-O 8. Bg2 c6 9. O-O Nd7 10. cxd5 exd5 11. a3 Be7 12. e3 Qf5 
13. Ne2 Bd6 14. Nf4 Nf6 15. Nd3 Ne4 16. b4 a5 17. Nc5 Re8 18. Qb3 Nf6 
19. Rfc1 Qh5 20. b5 Rb8 21. Nd3 Ng4 22. h3 Nxe3 23. fxe3 Bxh3 24. Nf4 Bxf4 
25. gxf4 Qg4 26. Ne1 cxb5 27. Rc3 Re4 28. Qd1 Qg6 29. Kh2 Bg4 30. Bf3 Qh5+ 
31. Kg1 f5 32. Bxg4 fxg4 33. Rb1 Rbe8 34. Ng2 Qh3 35. Rb2 g3 36. Qf3 Qh2+ 
37. Kf1 Rxd4 38. Rcc2 Qh1+ 39. Ke2 0-1

[Event "Deizisau 2012"]
[Date "2012.04.06"]
[Round "2.10"]
[Board "10"]
[White "Shanava, Konstantine"]
[Black "Zeier, Klaus"]
[Result "1-0"]
[WhiteClock "00:01:22"]
[BlackClock "00:19:20"]
[WhiteElo "2586"]
[BlackElo "2214"]
[PlyCount "75"]

1. e4 e5 2. Nf3 Nc6 3. Bc4 Nf6 4. d3 Be7 5. O-O O-O 6. Bb3 d6 
7. c3 h6 8. Nbd2 Re8 9. h3 Bf8 10. Re1 Be6 11. Ba4 Bd7 12. d4 g6 
13. Bc2 Bg7 14. Nf1 b5 15. Ng3 Rb8 16. Be3 a5 17. Qc1 Kh7 18. d5 Ne7 
19. a4 c6 20. dxc6 Bxc6 21. axb5 Rxb5 22. c4 Rb7 23. b3 Qc7 24. Rd1 Ra8 
25. Qd2 Nc8 26. Ra3 Bd7 27. Rda1 a4 28. bxa4 Bf8 29. a5 d5 30. exd5 Bxa3 
31. Rxa3 Qxc4 32. Nxe5 Qxd5 33. Qc3 Be6 34. Nxg6 fxg6 35. Qxf6 Ne7 36. Be4 Qd1+ 
37. Kh2 Bd5 38. Rd3 1-0

[Event "Deizisau 2012"]
[Date "2012.04.06"]
[Round "2.11"]
[Board "11"]
[White "Hauser, Carlos"]
[Black "Perunovic, Milos"]
[Result "0-1"]
[WhiteClock "00:24:00"]
[BlackClock "00:11:12"]
[WhiteElo "2209"]
[BlackElo "2582"]
[PlyCount "56"]

1. d4 d5 2. c4 e6 3. Nc3 c5 4. cxd5 exd5 5. Nf3 Nc6 6. g3 Nf6 
7. Bg2 Be7 8. O-O O-O 9. dxc5 Bxc5 10. Bg5 d4 11. Bxf6 Qxf6 12. Nd5 Qd8 
13. Nd2 Re8 14. Nb3 Bb6 15. Rc1 Bg4 16. Re1 Qd6 17. Nd2 Rad8 18. Nc4 Qh6 
19. Nf4 Bc7 20. Nd3 Qh5 21. Rc2 Re6 22. Qd2 g5 23. h3 Bxh3 24. Bxh3 Qxh3 
25. Qxg5+ Rg6 26. Nf4 Bxf4 27. Qxf4 Rh6 28. Qf3 Qh2+ 0-1

[Event "Deizisau 2012"]
[Date "2012.04.06"]
[Round "2.12"]
[Board "12"]
[White "Rapport, Richard"]
[Black "Dorst, Johannes"]
[Result "1-0"]
[WhiteClock "00:39:00"]
[BlackClock "01:31:00"]
[WhiteElo "2559"]
[BlackElo "2207"]
[PlyCount "69"]

1. Nf3 Nf6 2. c4 g6 3. Nc3 Bg7 4. g3 O-O 5. Bg2 d6 6. O-O a6 
7. d4 Nc6 8. e3 Rb8 9. Qe2 e5 10. d5 Ne7 11. e4 Bd7 12. b4 h6 
13. a4 Ne8 14. c5 f5 15. Nd2 f4 16. Ba3 Qc8 17. Nc4 Bh3 18. f3 Qd7 
19. b5 Bxg2 20. Kxg2 dxc5 21. Bxc5 b6 22. Bxe7 Qxe7 23. bxa6 Ra8 24. d6 Nxd6 
25. Nd5 Qd8 26. Rfd1 fxg3 27. hxg3 Kh7 28. Nxd6 Qxd6 29. Rac1 c5 30. Rb1 Qc6 
31. Qb5 Qxb5 32. axb5 Rfb8 33. Ne3 Rd8 34. Rxd8 Rxd8 35. Nc4 1-0

[Event "Deizisau 2012"]
[Date "2012.04.06"]
[Round "2.13"]
[Board "13"]
[White "Duratti, Lindo"]
[Black "Petr, Martin"]
[Result "0-1"]
[WhiteClock "01:32:00"]
[BlackClock "01:32:00"]
[WhiteElo "2205"]
[BlackElo "2522"]
[PlyCount "44"]

1. e4 e6 2. d3 d5 3. Nd2 c5 4. Ngf3 Nc6 5. g3 Nf6 6. Bg2 g6 
7. O-O Bg7 8. exd5 Nxd5 9. Ne4 b6 10. Bg5 f6 11. Bd2 O-O 12. Re1 Bb7 
13. Qe2 Qd7 14. Rad1 Rfe8 15. Bh3 f5 16. Nc3 Ndb4 17. Rc1 Nd4 18. Nxd4 cxd4 
19. Nd1 Nxa2 20. Ra1 a5 21. Bg2 Bxg2 22. Kxg2 Rac8 0-1

[Event "Deizisau 2012"]
[Date "2012.04.06"]
[Round "2.14"]
[Board "14"]
[White "Bischoff, Klaus"]
[Black "Rindlisbacher, Lars"]
[Result "1-0"]
[WhiteClock "00:15:56"]
[BlackClock "00:00:56"]
[WhiteElo "2521"]
[BlackElo "2204"]
[PlyCount "111"]

1. c4 Nf6 2. Nc3 e6 3. Nf3 Bb4 4. Qc2 O-O 5. e3 b6 6. b3 Bb7 
7. Bb2 d6 8. Be2 Nbd7 9. O-O Bxc3 10. Qxc3 e5 11. d3 a5 12. a3 Nc5 
13. Nd2 Re8 14. Qc2 Qd7 15. Rfe1 Qf5 16. b4 Qg6 17. f3 Ne6 18. Bc3 Qg5 
19. Nf1 axb4 20. axb4 d5 21. cxd5 Nxd5 22. Bd2 f5 23. Rxa8 Bxa8 24. Qc4 Kh8 
25. Ra1 Qd8 26. Bd1 Qd7 27. Ba4 c6 28. Bd1 f4 29. e4 Nf6 30. Bc3 b5 
31. Qa2 Nd4 32. Qa7 c5 33. Qxc5 Rc8 34. Qxe5 Rxc3 35. Rxa8+ Ng8 36. Qxf4 Rxd3 
37. Qf8 Qe6 38. Ra1 Qe5 39. Ra8 Qe6 40. Ra7 Qg6 41. Ra1 Qb6 42. Qc5 Qd8 
43. Ng3 Ne6 44. Qc1 Rd2 45. Bb3 Nf4 46. Kh1 Nxg2 47. Bd5 Qg5 48. Nf1 Rxd5 
49. exd5 Nf4 50. Qd2 Qf6 51. Re1 Qd6 52. Re4 Nh3 53. Kg2 Qf6 54. Kxh3 Qxf3+ 
55. Ng3 Nf6 56. Rf4 1-0

[Event "Deizisau 2012"]
[Date "2012.04.06"]
[Round "2.16"]
[Board "16"]
[White "Mader, Manuela"]
[Black "Bok, Benjamin"]
[Result "0-1"]
[WhiteClock "00:28:00"]
[BlackClock "00:06:11"]
[WhiteElo "2201"]
[BlackElo "2502"]
[PlyCount "100"]

1. e4 e5 2. Nf3 Nc6 3. Bb5 Nge7 4. c3 a6 5. Ba4 g6 6. d4 exd4 
7. cxd4 b5 8. Bb3 Bg7 9. Nc3 Na5 10. O-O O-O 11. a3 Nxb3 12. Qxb3 d6 
13. h3 c6 14. a4 Be6 15. d5 cxd5 16. Nxd5 Nxd5 17. exd5 bxa4 18. Rxa4 Bd7 
19. Rb4 a5 20. Re4 Bf5 21. Rc4 Qb8 22. Qa3 Qb5 23. Rc6 Qxd5 24. Rxd6 Qb7 
25. Nd4 Be4 26. f3 Bd5 27. Qc5 Ba2 28. Rb6 Qd5 29. Qxd5 Bxd5 30. Be3 Rfe8 
31. Bf2 Red8 32. Rc1 a4 33. Rb5 Rab8 34. Rxb8 Rxb8 35. Rc5 Bb3 36. Rc7 Rd8 
37. Nxb3 Rd1+ 38. Be1 Rxe1+ 39. Kf2 Rb1 40. Rc8+ Bf8 41. Nd4 Rxb2+ 42. Kg3 Kg7 
43. Ra8 Bd6+ 44. f4 Rb4 45. Ne2 Rb3+ 46. Kf2 Bc5+ 47. Ke1 a3 48. Kd1 Rb2 
49. g3 Bb4 50. Ra4 a2 0-1

[Event "Deizisau 2012"]
[Date "2012.04.06"]
[Round "2.18"]
[Board "18"]
[White "Naumann, Axel"]
[Black "Shishkin, Vadim"]
[Result "0-1"]
[WhiteClock "00:00:00"]
[BlackClock "00:00:00"]
[WhiteElo "2198"]
[BlackElo "2464"]
[PlyCount "81"]

1. e4 c5 2. Nf3 Nc6 3. d4 cxd4 4. Nxd4 Qb6 5. Nb3 Nf6 6. Nc3 e6 
7. Be3 Qc7 8. Bd3 a6 9. O-O b5 10. a3 Bb7 11. f4 d6 12. Qe2 Be7 
13. Rad1 O-O 14. g4 Rfe8 15. g5 Nd7 16. Qh5 g6 17. Qg4 b4 18. axb4 Nxb4 
19. Qg3 Bf8 20. h4 Nc5 21. Nxc5 dxc5 22. Rf2 Rad8 23. Rfd2 Nxd3 24. cxd3 Rd7 
25. Qf2 Rc8 26. h5 Rdd8 27. hxg6 hxg6 28. f5 exf5 29. exf5 gxf5 30. Qxf5 Bg7 
31. Ne4 Rd5 32. Qg4 Qd7 33. Qxd7 Rxd7 34. Nxc5 Re7 35. Nxb7 Rxe3 36. Nd6 Rb8 
37. Kg2 Re4 38. Nc4 Rb5 39. d4 Rxg5+ 40. Kf1 Rgg4 41. b3 0-1

[Event "Deizisau 2012"]
[Date "2012.04.06"]
[Round "2.20"]
[Board "20"]
[White "Gschnitzer, Oswald, Dr."]
[Black "Zimmermann, Ulrich"]
[Result "1/2-1/2"]
[WhiteClock "00:00:00"]
[BlackClock "00:00:00"]
[WhiteElo "2481"]
[BlackElo "2178"]
[PlyCount "105"]

1. d4 Nf6 2. Nf3 e6 3. c4 b6 4. g3 Bb7 5. Bg2 Bb4+ 6. Bd2 a5 
7. O-O O-O 8. Bg5 Be7 9. Nc3 Ne4 10. Bxe7 Qxe7 11. Rc1 Nxc3 12. Rxc3 d6 
13. Qd3 Nd7 14. Ng5 Qxg5 15. Bxb7 Rad8 16. f4 Qe7 17. Bc6 e5 18. Qe3 Qe6 
19. d5 Qe7 20. a3 Nf6 21. h3 g6 22. b4 axb4 23. axb4 Nh5 24. f5 gxf5 
25. Rxf5 Ng7 26. Rf1 f5 27. Ra3 Kh8 28. Kh1 Rf7 29. Qh6 f4 30. g4 e4 
31. Kg1 Qe5 32. Qh4 Rg8 33. Ra8 Rxa8 34. Bxa8 Rf8 35. Bc6 f3 36. exf3 exf3 
37. Qf2 Qc3 38. b5 Qxc4 39. Qe3 h5 40. Rxf3 Rxf3 41. Qxf3 hxg4 42. hxg4 Kg8 
43. Kg2 Qd4 44. Qe2 Kh7 45. Kf3 Kg8 46. Qe4 Qc3+ 47. Kf4 Qf6+ 48. Kg3 Qc3+ 
49. Qf3 Qe5+ 50. Kh3 Qe7 51. Qf4 Kh7 52. Qd4 Kg8 53. Qf4 1/2-1/2

[Event "Deizisau 2012"]
[Date "2012.04.06"]
[Round "3.3"]
[Board "3"]
[White "Thinius, Marco"]
[Black "Erdos, Viktor"]
[Result "1/2-1/2"]
[WhiteClock "00:57:00"]
[BlackClock "00:57:00"]
[WhiteElo "2363"]
[BlackElo "2631"]
[PlyCount "48"]

1. c4 e5 2. g3 Nc6 3. Nc3 f5 4. Bg2 Nf6 5. e3 d5 6. cxd5 Nb4 
7. d3 Nfxd5 8. Nxd5 Nxd5 9. Nf3 Bd6 10. O-O Nf6 11. Qb3 Qe7 12. e4 fxe4 
13. dxe4 c6 14. Nh4 Be6 15. Qc2 O-O 16. Nf5 Bxf5 17. exf5 Bc5 18. Bg5 Bd4 
19. Rae1 Qf7 20. Bxf6 gxf6 21. b4 Rac8 22. Rc1 c5 23. bxc5 Rxc5 24. Qb3 Qxb3 
1/2-1/2

[Event "Deizisau 2012"]
[Date "2012.04.06"]
[Round "3.4"]
[Board "4"]
[White "Solodovnichenko, Yuri"]
[Black "Sipila, Vilka"]
[Result "1/2-1/2"]
[WhiteClock "00:01:43"]
[BlackClock "00:34:00"]
[WhiteElo "2615"]
[BlackElo "2364"]
[PlyCount "64"]

1. e4 c5 2. Nf3 d6 3. d4 cxd4 4. Nxd4 Nf6 5. Nc3 a6 6. Bg5 e6 
7. f4 Nbd7 8. Qe2 Qc7 9. O-O-O Be7 10. g4 O-O 11. Bg2 Nb6 12. Rhe1 Bd7 
13. h4 Nc4 14. Rd3 Bb5 15. a4 Nxb2 16. axb5 Nxd3+ 17. Qxd3 Rfc8 18. Kd2 d5 
19. Rb1 dxe4 20. Nxe4 Nxe4+ 21. Bxe4 Bxg5 22. fxg5 Rd8 23. bxa6 Rxa6 24. Rxb7 Qh2+ 
25. Qe2 Rxd4+ 26. Kc3 Ra3+ 27. Kxd4 Qd6+ 28. Kc4 f5 29. gxf6 Qa6+ 30. Rb5 Qc8+ 
31. Rc5 Qa6+ 32. Rb5 Qc8+ 1/2-1/2

[Event "Deizisau 2012"]
[Date "2012.04.06"]
[Round "3.5"]
[Board "5"]
[White "Kurayan, Ruslan"]
[Black "Baramidze, David"]
[Result "1/2-1/2"]
[WhiteClock "00:21:00"]
[BlackClock "00:07:26"]
[WhiteElo "2357"]
[BlackElo "2612"]
[PlyCount "67"]

1. c4 e6 2. g3 Nf6 3. Bg2 d5 4. Nf3 dxc4 5. Qa4+ Nbd7 6. Qxc4 a6 
7. Qc2 c5 8. O-O b5 9. a4 Bb7 10. axb5 axb5 11. Rxa8 Qxa8 12. Nc3 Qa6 
13. d3 Be7 14. b3 O-O 15. Bb2 Rc8 16. Ra1 Qb6 17. Nd2 Bxg2 18. Kxg2 Nb8 
19. Qb1 Nc6 20. Qa2 Nd4 21. Qa7 Qc6+ 22. e4 Nc2 23. Rc1 Nb4 24. Qxe7 Nxd3 
25. Rb1 b4 26. Nb5 Nxe4 27. Na7 Qd5 28. Nxc8 Nxd2+ 29. Kg1 Nf3+ 30. Kf1 Nxh2+ 
31. Kg1 Nf3+ 32. Kf1 Nh2+ 33. Kg1 Nf3+ 34. Kf1 1/2-1/2